| 000 | 00798nab a2200205 i 4500 | ||
|---|---|---|---|
| 001 | 180814 | ||
| 003 | ES-MaACL | ||
| 005 | 20250904063108.0 | ||
| 008 | 120717s1913 sp 000 s spa d | ||
| 100 | 1 |
_aTorromé, Rafael, _d1861-1924 _9111060 |
|
| 245 | 1 | 0 |
_aSobre el problema obrero : _bla cultura como elemento de evolución y revolución social / _cpor Rafael Torromé. |
| 300 |
_aP. 41-54 ; _c23 cm. |
||
| 594 | _aPrecede al tít.: Conferencias del Ateneo de Madrid. | ||
| 610 | 2 | 4 |
_aAteneo de Madrid- _vConferencias- _y1900-1939 _91907 |
| 650 | 7 |
_aClase trabajadora _2embne _9151811 |
|
| 650 | 7 |
_aEducación popular _2embne _912118 |
|
| 773 | 0 |
_tLa Palabra : revista taquigráfica, _dMadrid. -- _gN. 12 (15 de junio de 1913), p. 41-54 |
|
| 999 |
_c180814 _d180814 |
||
| 942 | _cANAM | ||